[Event "Riga Tech op-A"]
[Site "Riga"]
[Date "2024.08.09"]
[Round "7"]
[White "Lamaze, Simon"]
[Black "Vardanyan, Aras"]
[Result "1-0"]
[WhiteElo "2440"]
[BlackElo "2300"]
[PlyCount "115"]
[EventDate "2024.08.05"]
[EventType "swiss"]
[EventRounds "9"]
[EventCountry "LAT"]
[SourceTitle "CBM 221 Extra"]
[Source "ChessBase"]
[SourceDate "2024.09.30"]
[SourceVersion "1"]
[SourceVersionDate "2024.09.30"]
[SourceQuality "1"]

1. d4 Nf6 2. c4 c5 3. d5 b5 4. cxb5 a6 5. bxa6 e6 6. dxe6 fxe6 7. Nd2 d5 8. e4 Nbd7 9. Bb5 Qb6 10. a4 Bxa6 11. Bxa6 Qxa6 12. Qe2 Be7 13. Qxa6 Rxa6 14. b3 Ne5 15. Ke2 Kd7 16. Bb2 Nc6 17. Ngf3 Rb8 18. Ne5+ Nxe5 19. Bxe5 Bd6 20. Bxd6 Kxd6 21. Rhd1 Rb4 22. f3 Ke5 23. exd5 exd5 24. Kd3 Rh4 25. Rh1 Rc6 26. Rae1+ Kd6 27. g3 c4+ 28. Ke3 Rh5 29. bxc4 dxc4 30. Rd1 Rd5 31. Ne4+ Nxe4 32. fxe4 Rxd1 33. Rxd1+ Kc5 34. Rd7 Kb4 35. Kd2 Rf6 36. Rb7+ Kc5 37. Ke3 c3 38. e5 Rf1 39. Kd3 Rf3+ 40. Ke4 Rf2 41. a5 c2 42. Rc7+ Kb5 43. Kd3 Rf5 44. Rxc2 Rxe5 45. Kd4 Rg5 46. Ra2 Ka6 47. Ke4 h5 48. Kf4 Rb5 49. h4 Rb4+ 50. Kf5 Rc4 51. Re2 Kxa5 52. Re5+ Kb6 53. Kg6 Rc7 54. Rxh5 Re7 55. Rd5 Kc6 56. Rd3 Kc5 57. g4 Kc4 58. Rd1 1-0